00668nam a2200205 a 450000100060000000300080000600500170001400800410003103500190007204000270009104100080011808200220012610000290014824501200017726000430029730000260034050400640036665000150043065000170044544968BD-RjUL20240125151103.0160721r19671926nyu b 001 0ceng d a(BD-RjUL)45086 aLNUcLNUdBD-RjULbeng aeng04a109bDUS 19532231 aDurant, Willd1885-1981.14aThe story of philosophy :bthe lives and opinions of the great philosophers of the western world /cby Will Durant. aNew York :bSimon and Schuster,cc1967 axvi, 412 p. ;c22 cm. aIncludes bibliographical references (p. 403-404) and index. 0aPhilosophy 0aPhilosophers